000 00988nam a2200277 i 4500
001 bg
003 KOSZ 005
005 20200630132817.0
008 080524s1965 pl a f 000 0 pol
015 _aPB 1966/1013
040 _aWA N
_cKOSZ 005/RW
_dKOSZ 005/RW
080 _a621
100 1 _aDmochowski, Jerzy
_d(1923-1994)
_eAutor
245 1 0 _aPodstawy obróbki skrawaniem.
_nZ. 3, cz. 4,
_pElektryczne i ultradźwiękowe metody obróbki /
_cJerzy Dmochowski.
260 _aWarszawa :
_bPaństwowe Wydawnictwo Naukowe,
_c1965.
300 _a88 s. :
_bil. ;
_c24 cm.
380 _aKsiążki.
500 _aPowiel.
504 _aBibliogr. s. 83-85.
521 8 _aSkrypt dla studentów wyższych szkół technicznych.
650 4 _aSkrawanie
655 4 _aPodręczniki akademickie
710 2 _aPaństwowe Wydawnictwo Naukowe
_4pbl.
856 _uhttp://koha.tu.koszalin.pl/cgi-bin/koha/opac-detail.pl?biblionumber=7798
_yKatalog online BPK
942 _2UKD
_cKS
999 _c7798
_d7798